|
|
|
|
| LEADER |
00000nam a2200000 a 4500 |
| 001 |
vtls001383881 |
| 003 |
SK-MaSNL |
| 005 |
20260416165400.0 |
| 008 |
240314s1978 xx 0 und |
| 035 |
|
|
|a SNK000337979
|
| 040 |
|
|
|a SNK
|b slo
|c SNK
|e AACR2
|
| 100 |
1 |
|
|a Kubíčková, Julie
|4 aut
|9 60438
|
| 245 |
1 |
0 |
|a Anglická konverzace pro střední školy
|
| 260 |
|
|
|a Praha
|b Státní pedagogické nakladatelství
|c 1978
|
| 300 |
|
|
|a 265 s.
|
| 958 |
|
|
|a OND
|
| 999 |
|
|
|c 981092
|d 983022
|
| 952 |
|
|
|t P60, <04>, [BOOK], {604}
|a SNK
|b SNK
|y VYP
|7 0
|p 17A0229546
|o snkIC 72464 D1
|0 0
|1 1
|4 0
|d 2000-02-28
|l 0
|r 2005-01-02 00:00:00
|w 2026-02-24
|
| 952 |
|
|
|t P60, <04>, [BOOK], {604}
|a SNK
|b SNK
|y VYP
|7 0
|p 17A0233287
|o snkIC 72464
|0 0
|1 0
|4 0
|d 2000-03-27
|l 0
|r 2005-01-02 00:00:00
|w 2026-02-24
|